000 00617cam a22002293a 4500
001 17698
003 PGUSA
005 20140828083358.0
008 060207s2006||||xxu|||||s|||||000 1 eng d
040 _aPGUSA
_beng
042 _adc
050 4 _aPR
100 1 _aHichens, Robert,
_d1864-1950
245 1 0 _aBella Donna :
_bA Novel
_h[electronic resource] /
_cRobert Hichens
260 _bProject Gutenberg,
_c2006
506 _aPublic domain in the USA.
516 _aElectronic text
653 _aFiction
830 0 _aProject Gutenberg
_v17698
856 4 0 _uhttp://www.gutenberg.org/ebooks/17698
942 _cEB
999 _c246953
_d246953